| 000 | 00597nam a2200181 4500 | ||
|---|---|---|---|
| 003 | DO-SdBNP | ||
| 005 | 20220531084014.0 | ||
| 008 | 210420b2017 ||||| |||| 00| 0 eng d | ||
| 040 | 4 |
_aDO-SdBNP _bspa _cBNPHU |
|
| 082 |
_2BNPHU _bR426a |
||
| 110 |
_aRepública Dominicana. _bCámara de Diputados _932238 |
||
| 245 |
_aAvances en la gestión legislativa para la igualdad de género 2010-2016 / _cRecopilación de Fari Rosario |
||
| 260 |
_aSanto Domingo : _bCámara de Diputados, _c2017. |
||
| 300 |
_a51 p. : _bil. _c29 cm. |
||
| 590 | _aInventariado, 2022 /DG | ||
| 910 | _aDG | ||
| 942 |
_2ddc _cLBS1 |
||
| 999 |
_c49760 _d49760 |
||